000 00396nam a22001217a 4500
999 _c9747
_d9747
003 OSt
008 201203b ||||| |||| 00| 0 eng d
245 _aJournal of The Institution of Engineers (INDIA)
250 _a2009(Sep Vol.90 No.18, Oct Vol.90 No.18, Nov Vol.90 No.18, Dec Vol.90 No.18)
260 _aKolkata
_bThe Institution of Engineers
650 _aMechanical Engineering
942 _2ddc
_cBV